Les vies des hommes illustres. (Record no. 162309)

MARC details
000 -LEADER
campo de control de longitud fija 01367nam a2200337 i 4500
001 - NÚMERO DE CONTROL
campo de control 162309
003 - IDENTIFICADOR DE NÚMERO DE CONTROL
campo de control ES-MaACL
005 - FECHA Y HORA DE LA ÚLTIMA TRANSACCIÓN
campo de control 20250725063225.0
008 - DATOS DE LONGITUD FIJA--INFORMACIÓN GENERAL
campo de control de longitud fija 041108s1803 fr af |||| |cfre d
080 ## - NÚMERO DE LA CLASIFICACIÓN DECIMAL UNIVERSAL
Número de la Clasificación Decimal Universal 929(37)
080 ## - NÚMERO DE LA CLASIFICACIÓN DECIMAL UNIVERSAL
Número de la Clasificación Decimal Universal 929(38)
100 0# - ENTRADA PRINCIPAL--NOMBRE DE PERSONA
Nombre de persona Plutarco
Término indicativo de función/relación Autor
9 (RLIN) 92678
245 14 - MENCIÓN DEL TÍTULO
Título Les vies des hommes illustres.
Número de parte o sección de la obra Tome premier /
Mención de responsabilidad, etc. de Plutarque ; traduites en françois, avec des remarques historiques et critiques par M. Dacier
250 ## - MENCION DE EDICION
Mención de edición Nouv. éd. rev. et corr.
260 ## - PUBLICACIÓN, DISTRIBUCIÓN, ETC.
Lugar de publicación, distribución, etc. A Lyon :
Nombre del editor, distribuidor, etc. chez Amable Leroy,
Fecha de publicación, distribución, etc. 1803.
300 ## - DESCRIPCIÓN FÍSICA
Extensión CXX, 432 páginas, [5] hojas de láminas ;
Dimensiones 17 cm.
505 0# - NOTA DE CONTENIDO CON FORMATO
Nota de contenido con formato Thésée; Romulus; Lycurgue; Numa Pompilius
597 ## - NOTA DE DESCRIPCIÓN FÍSICA
NOTA DE DESCRIPCIÓN FÍSICA Sign.: a-e12, A-S12.
597 ## - NOTA DE DESCRIPCIÓN FÍSICA
NOTA DE DESCRIPCIÓN FÍSICA Antep.
599 ## - NOTA A LAS ILUSTRACIONES
NOTA A LAS ILUSTRACIONES Front. calc. alegórico : "Gravé par le Petit Julien de Paris"
599 ## - NOTA A LAS ILUSTRACIONES
NOTA A LAS ILUSTRACIONES Láminas de grab. xil.: retratos de los biografiados
600 0# - PUNTO DE ACCESO ADICIONAL DE MATERIA--NOMBRE DE PERSONA
Nombre de persona Rómulo,
Títulos y otros términos asociados al nombre Rey de Roma
9 (RLIN) 149930
600 0# - PUNTO DE ACCESO ADICIONAL DE MATERIA--NOMBRE DE PERSONA
Nombre de persona Licurgo
9 (RLIN) 72207
600 0# - PUNTO DE ACCESO ADICIONAL DE MATERIA--NOMBRE DE PERSONA
Nombre de persona Numa Pompilio,
Títulos y otros términos asociados al nombre Rey de Roma
Fuente del encabezamiento o término embne-TB
9 (RLIN) 149931
650 #7 - PUNTO DE ACCESO ADICIONAL DE MATERIA--TÉRMINO DE MATERIA
Término de materia o nombre geográfico como elemento de entrada Teseo (Personaje mitológico)
Fuente del encabezamiento o término embne
9 (RLIN) 223637
700 1# - ENTRADA AGREGADA--NOMBRE PERSONAL
Nombre de persona Dacier, André,
Fechas asociadas al nombre 1651-1722
Término indicativo de función/relación Traductor
9 (RLIN) 126689
852 ## - LOCALIZACIÓN
Ubicación ES-MaACL
Ubicación en estantería Depósito Z
Signatura antigua Olim: C-19358-71
Marcas de propiedad Ex-libris ms. de Juan Antonio Posse, cura de San Andrés
Número de control de estantería Z-253-66
Encuadernación Pasta española
Nota libre
942 ## - ELEMENTOS DE ENTRADA SECUNDARIOS (KOHA)
Fuente del sistema de clasificación o colocación Clasificación decimal universal
Tipo de ítem Koha Libro impreso antiguo
Suprimir en OPAC No
Holdings
Estatus retirado Estado de pérdida Estado de daño No para préstamo Colección Biblioteca de origen Biblioteca actual Ubicación en estantería Fecha de adquisición Total de préstamos Signatura topográfica completa Código de barras Visto por última vez Precio de reemplazo Tipo de ítem Koha
        Libros del s. XIX Biblioteca del Ateneo de Madrid Biblioteca del Ateneo de Madrid Depósito Z 17/01/2008   Z-253 1170042 23/02/2023 23/02/2023 Libro impreso antiguo